Online
Catalog

Lengua española 4 : (Record no. 46533)

MARC details
000 -CABECERA
campo de control de longitud fija 00645nam a2200205 a 4500
001 - NÚMERO DE CONTROL
campo de control 000047045
005 - FECHA Y HORA DE LA ÚLTIMA TRANSACCIÓN
campo de control 20201002053319.0
008 - DATOS DE LONGITUD FIJA--INFORMACIÓN GENERAL
campo de control de longitud fija 180412s2016 dr a 000 0 spa d
020 ## - NÚMERO INTERNACIONAL ESTÁNDAR DEL LIBRO
Número Internacional Estándar del Libro 9789945123845
040 ## - FUENTE DE LA CATALOGACIÓN
Centro catalogador/agencia de origen DO-SdBNP
Lengua de catalogación spa
Centro/agencia transcriptor BNPHU
082 ## - NÚMERO DE LA CLASIFICACIÓN DECIMAL DEWEY
Número de clasificación xxxx
Número de documento/Ítem C352L
100 1# - ENTRADA PRINCIPAL--NOMBRE DE PERSONA
Nombre de persona Castillo, Lillian
9 (RLIN) 1132
245 10 - MENCIÓN DE TÍTULO
Título Lengua española 4 :
Resto del título nivel primario /
Mención de responsabilidad, etc. Lillian Castillo, Isabel Vargas.
260 ## - PUBLICACIÓN, DISTRIBUCIÓN, ETC.
Lugar de publicación, distribución, etc. Santo Domingo :
Nombre del editor, distribuidor, etc. Susaeta,
Fecha de publicación, distribución, etc. 2016.
300 ## - DESCRIPCIÓN FÍSICA
Extensión 212p. :
Otras características físicas il. ;
Dimensiones 28 cm.
500 ## - NOTA GENERAL
Nota general Enfoque por competencias. Nuevo curriculo.
504 ## - NOTA DE BIBLIOGRAFÍA, ETC.
Nota de bibliografía, etc. Bibliografía: p. 204
590 ## - NOTA LOCAL (RLIN)
Nota local Inventariado, 2018/MFF
700 1# - PUNTO DE ACCESO ADICIONAL--NOMBRE DE PERSONA
Nombre de persona Vargas, Isabel
9 (RLIN) 73396
Holdings
Estado de retiro Estado de pérdida No para préstamo Código de colección Localización permanente Ubicación/localización actual Ubicación en estantería Fecha de adquisición Número de inventario Total de préstamos Signatura topográfica completa Código de barras Fecha visto por última vez Precio válido a partir de Tipo de ítem Koha
    Excluido de préstamo Patrimonio Dominicano General General Depósito 12.04.2018 LF1   xxxx C352L 47045-30 25.06.2020 25.06.2020 Libro y Folleto Colección Patrimonio Dominicano
    Excluido de préstamo Patrimonio Dominicano Patrimonio Dominicano Patrimonio Dominicano Depósito 12.04.2018 LF1   xxxx C352L 47045-10 25.06.2020 25.06.2020 Libro y Folleto Colección Patrimonio Dominicano
    Excluido de préstamo Patrimonio Dominicano Patrimonio Dominicano Patrimonio Dominicano Depósito 12.04.2018 LF1   xxxx C352L 47045-20 25.06.2020 25.06.2020 Libro y Folleto Colección Patrimonio Dominicano

Powered by Koha